000
00326nam a2200133Ia 4500
008
240624s9999 xx 000 0 und d
041
_a
eng
082
_a
823 RAN
100
_a
RAND AYN
245
_a
ANTHEM WITH AN INTRODUCTION BY LEONARD P
260
_c
1961
_a
New York
_b
Signet
300
_a
xvi, : 253 : cm. ; 18
365
_c
999
_c
2286
_d
2286